000 00426nam a2200169Ia 4500
003 GCL
008 140319s9999 xx 000 0 eng d
040 _aGCL /
_cGCL
082 0 4 _aCC
_b892.7
_bE R
100 1 _aEMERSON, JUNE
245 1 0 _aREFLECTIONS IN THE NILE /
_cEMERSON, JUNE
260 _a[S.N] :
_bKAF BREWIN BOOKS ،
_c1987
300 _a100
650 0 4 _aWORLD TRAVEL GUIDES
650 0 4 _aEGYPT
942 _2ddc
_cBK
999 _c12990
_d12990